000 01250cam a2200133 4500500
005 20251214004003.0
041 _afre
042 _adc
100 1 0 _aMarques-Pereira, Bérengère
_eauthor
245 0 0 _aLa citoyenneté politique des femmes
260 _bArmand Colin,
_c2003.
520 _aCet ouvrage se propose de lire la citoyenneté politique des femmes au travers des acquis de la sociologie politique. Il retrace les chemins de l’exclusion et de l’inclusion des femmes dans la vie politique de divers pays européens et américains dont les traditions politiques autorisent les comparaisons. Il confronte plus particulièrement les systèmes français, belges et britanniques. Cet ouvrage s’adresse aux étudiants de science politique, de sociologie et d’histoire contemporaine.Fondements théoriques et expériences historiques. Les origines de la logique d’exclusion/inclusion politique des femmes. De l’exclusion politique à l’inclusion. Enjeux actuels. Construction internationale de l’égalité civile et politique des femmes. Genre, citoyenneté et représentation. Quotas et parité.
856 4 1 _uhttps://shs.cairn.info/la-citoyennete-politique-des-femmes--9782247049035?lang=fr&redirect-ssocas=7080
999 _c1568097
_d1568097